000 00974nam a2200253 i 4500
001 80632
003 ES-MaACL
005 20230906174247.0
007 t|
008 041029s1971 sp ||||1| spa d
111 2 _aConference on Social Implications of Industrialization and Technical Change (
_d1960.
_cChicago)
_9168857
245 1 0 _aIndustrialización y sociedad /
_cpor Bert F. Hoselitz, Wilbert E. Moore ; presentado por José C. Castillo... [Traducción por Miguel Bilbatua].
260 _aMadrid :
_bEuroamérica,
_c[1971]
300 _a588 p. ;
_c22 cm.
490 1 _aColección Fundación Foessa. Serie Estudios
650 4 _aDesarrollo industrial.
_911805
700 1 _aMoore, Wilbert E.
_982833
700 1 _aCastillo, José C.
_936696
700 1 _aBibaltua, Miguel.
_928762
700 0 _aHoselitz, Bert F.
_964279
830 0 _aColección Fundación Foessa. Serie Estudios
_9183672
852 _aES-MaACL
_jC-38256
_bR.78496
999 _c80632
_d80632